| 000 | 00845nam a2200217 a 4500 | ||
|---|---|---|---|
| 005 | 20240308063625.0 | ||
| 008 | 991125s1999 mx 000 0 spa u | ||
| 035 | _aUPN01000006474 | ||
| 049 | _aCG | ||
| 050 | 4 |
_aLE7.2931 N2 _bM5.2 |
|
| 100 | 1 |
_aMiranda López, Francisco _929334 |
|
| 245 | 1 | 0 |
_aCampos de fuerza y procesos institucionales : _bla Universidad Pedagógica Nacional como organización del conocimiento / _cFrancisco Miranda López |
| 260 |
_aMéxico : _bF. Miranda López, _c1999 |
||
| 300 | _a338 p. | ||
| 502 | _aTesis (Doctor en Ciencias Sociales con especialidad en sociología) -- El Colegio de México, Centro de Estudios Sociológicos | ||
| 610 | 2 | 4 | _aUNIVERSIDAD PEDAGOGICA NACIONAL (MEXICO) |
| 650 | 4 |
_aUniversidades y colegios _95013 |
|
| 902 | _aEMO ESTELA MURATALLA OCHOA | ||
| 904 |
_aAC _b006474 |
||
| 905 | _aLibro | ||
| 999 |
_c6474 _d6474 |
||